000 00479nam a2200157 4500
001 111489
003 ES-MaACL
005 20230906185317.0
007 t|
008 061121s1919 it r ||||1| ita d
100 1 _aNamias, Rodolfo.
_984888
245 1 3 _aIl chimico siderurgico
_b: analisi dell acciaio e dei prodotti siderurgici /
_cRodolfo Namias.
260 _aMilano :
_bumberto Allegretti,
_c1919.
300 _aXII, 240 p. :
_bil ;
_c15 cm.
852 _aES-MaACL
_jF-4564
999 _c111489
_d111489